01214naa a22002171i 450000100030000000300090000300500170001200800410002904000210007004100080009104400080009910001230010724501820023050001070041265000150051965500300053470001460056470001240071071100820083477300800091618KOSZ 00520191005093907.0151204s1997 pl f |100 0 eng d cBPKdKOSZ 005/ac aeng aPOL1 aMaslennikow, Olegd1996 - 2010.bPolitechnika Koszalińska - Wydział Elektroniki,cKatedra Inżynierii Komputerowej10aFault tolerant QR-decomposition algorithm based on householder reflections and its parallel implementation /cOleh Masliennikov, Andrzej Guziński, J. Kanevski, R. Wyrzykowski. aDane z Informatora o publikowanych wynikach prac naukowo-badawczych w 2002 roku Wydziału Elektroniki. 0aAlgorytmy. 0aMateriały konferencyjne.1 aGUZIŃSKI, Andrzej.d1996 - 2001.bPolitechnika Koszalińska - Wydział Elektroniki,cKatedra Teorii Obwodów i Układów Elektronicznych1 aKANYEVSKYY, Yuriy.d1996 - 2001.bPolitechnika Koszalińska - Wydział Elektroniki,cKatedra Inżynierii Komputerowej22aInternational Workshop Parallel Numerics'97n(4 ;d1997 ;cZakopane, Polska).0 iW :tProc. of the 4-th Int. Workshop Parallel Numerics. -g1997, s. 177-198